00647nam a2200169 a 450000100100000000500170001000800410002704000250006808200150009310000470010824500430015526000490019830000220024704900090026995201820027899900170046000003216720200930063504.0110713s1934 dr 000 p spa d aDO-SdBNPbspacBNPHU axxxbM843m1 aMoreno Jimenes, Domingo,d1894-198691953410aModerno apocalipsis /cMoreno Jimenes. a[Santo Domingo] :bCiudad Estética,c1934. a[26] p. ;c15 cm. aBNPD 001050718RVaPDbPDcCTd2011-07-13iLF1l0oxxx M843mp32167-10r2020-06-25w2020-06-25y1zPerteneció a la biblioteca personal de Martínez Boog. Dedicado.ZNo se presta c31658d31658